Formula One Drivers 2026 - Statistics

General Stats
  • This quiz has been taken 238 times
    230 since last reset
  • The average score is 19 of 22
Answer Stats
Answer % Correct
Lewis Hamilton
99%
Max Verstappen
99%
Charles Leclerc
97%
Lando Norris
96%
Kimi Antonelli
95%
Oscar Piastri
95%
George Russell
94%
Pierre Gasly
93%
Alexender Albon
91%
Carlos Sainz
91%
Fernando Alonso
90%
Nico Hulkenberg
90%
Isack Hadjar
89%
Franco Colapinto
87%
Lance Stroll
84%
Esteban Ocon
82%
Sergio Perez
82%
Gabriel Bortoleto
81%
Liam Lawson
81%
Oliver Bearman
80%
Valterri Bottas
61%
Arvid Lindblad
59%
No matching quizzes found
Score Distribution
Percent of People with Each Score
Percentile by Number Answered
Your Score History
You have not taken this quiz since the last reset